Countries Filled With Nuts Quiz Stats

 Plays Quiz Updated Jan 6, 2018

Challenge
Share
Tweet
Embed
Score 0/45 Timer 04:00
7 Plays Today
% Correct
Brazil
98.1%
Brazil
98.1%
USA
96.9%
USA
96.8%
USA
96.8%
USA
96.8%
USA
96.8%
China
92.4%
China
92.4%
China
92.3%
China
92%
Mexico
88.5%
India
86.5%
India
86.5%
India
86.5%
Australia
76%
Spain
75.8%
Italy
74.6%
Italy
74.6%
Peru
68.7%
Indonesia
68.5%
Turkey
65.4%
Turkey
65.4%
% Correct
Turkey
65.4%
Turkey
65.1%
Iran
64.2%
Iran
64.1%
Iran
64.1%
Vietnam
56.6%
Philippines
47.9%
Bolivia
47.5%
Bolivia
47.5%
Nigeria
46.8%
Nigeria
46.8%
Morocco
42.9%
South Korea
40.4%
Sri Lanka
27.9%
Myanmar
27.5%
Syria
26.4%
Côte d'Ivoire
18.2%
Côte d'Ivoire
17.5%
Georgia
12.5%
Azerbaijan
9.7%
Benin
8.4%
Gambia
5.9%

You're not logged in!

Compare scores with friends on all Sporcle quizzes.
OR
Log In

You Might Also Like...

Show Comments

Extras

Top Quizzes Today


Score Distribution

Your Account Isn't Verified!

In order to create a playlist on Sporcle, you need to verify the email address you used during registration. Go to your Sporcle Settings to finish the process.

Report this User

Report this user for behavior that violates our Community Guidelines.

Details: